Kongenitálne malformácie po inhalácii glukokortikoidov vo včasnej fáze tehotenstva

Bibliographic Details
Main Author: Štefanovič, Július, 1933- (Adapter)
Format: Article
Language:Slovak
ISSN:1335-0951
Subjects:

MARC

LEADER 00000nab a2200000 a 4500
001 vtls000805265
003 SK-MaSNL
005 20260304175144.0
008 250429c1999 xo 0 slo
015 |a SNBRB2002/10-30175 
035 |a CLN000156920 
035 |a urn:nbn:sk:snk-ab2ys5 
035 |a (urnnbn)urn:nbn:sk:snk:ar-a034os 
035 |a (uuid)4552a6b5-821d-4be1-a819-bfff83eb0228 
040 |a SNKBUCL  |b slo  |c SNKBUCL  |e AACR2 
041 0 |a slo 
044 |a xo  |c SK 
080 |a 618.3-008.6:615.234  |2 1997 
100 1 |a Štefanovič, Július,  |d 1933-  |4 adp  |9 24121 
245 1 0 |a Kongenitálne malformácie po inhalácii glukokortikoidov vo včasnej fáze tehotenstva  |c J. Štefanovič 
500 |a Prevzaté z: Obstet. Gynec., 93, 1999, s. 392-5 
650 0 7 |a glukokortikoidy  |2 snkbucl  |9 15131 
650 0 7 |a tehotenstvo  |2 snkbucl  |9 2477 
655 7 |a články z novín a časopisov  |2 snkbucl  |9 267496 
773 0 |t Medicínsky monitor  |g Roč. 5, č. 3 (1999), s. 22  |x 1335-0951 
850 |a Slovenská národná knižnica 
852 |a Slovenská národná knižnica 
954 |a odborná, vedecká literatúra pôvodná (slovenská)  |2 lita 
958 |a article2022 
958 |a OND 
958 |a MI 
958 |a EUIPO 
992 |a RBX 
999 |c 3012201  |d 3014131